000 00411nam a2200181Ia 4500
008 151202s9999||||xx |||||||||||||| ||und||
082 _bPNVM-23766
100 _aदेव
245 _aरक्तराग.
260 _b---
260 _c0
300 _a0
600 _aदेव
630 _aरक्तराग.
700 _aदेव
730 _aरक्तराग.
942 _cBOOK
999 _c1289741
_d1289738